| 000 | 00448nam a2200169Ia 4500 | ||
|---|---|---|---|
| 001 | 24390 | ||
| 003 | IN-NITTTR | ||
| 005 | 20251114233312.0 | ||
| 008 | 251113s9999||||xx |||||||||||||| ||eng|| | ||
| 040 | _beng | ||
| 040 | _cIN-NITTTR | ||
| 041 | _aeng | ||
| 082 | _a005.133 O8D | ||
| 100 | _aOestereich, Bernd | ||
| 245 | 0 |
_aDeveloping software with UML : _b object-oriented analysis and design in practice / _cOestereich, Bernd |
|
| 942 |
_2ddc _cBK |
||
| 999 |
_c27019 _d27019 |
||